El Pampinoplas (Registro nro. 9624)

Detalles MARC
000 -LIDER
fixed length control field 00928nam a2200337 4500
001 - NÚMERO DE CONTROL
Identificador de número de control 02331801
003 - IDENTIFICACDOR DE NÚMERO DE CONTROL
control field DO-SdBNP
005 - DATE AND TIME OF LATEST TRANSACTION
control field 20180221154057.0
007 - CAMPOS FIJOS DE DESCRIPCIÓN FÍSICA
fixed length control field 02331801
008 - ELEMENTOS DE LONGITUD FIJA
fixed length control field 940526s1992 sp | |||| ||spa
016 7# - NO. DE CONTROL DE LA AGENCIA BIB. NACIONAL
Record control number
Source BPMSU
017 ## - NÚMERO DE REGISTRO DE DERECHOS DE AUTOR
Copyright or legal deposit number
Assigning agency
020 ## - ISBN
International Standard Book Number 8434808285
035 ## - NÚMERO LOCAL
System control number
040 ## - FUENTE DE CATALOGACIÓN
Agencia que crea de manera original el registro BPMSU
Idioma de catalogación spa
Agencia que realiza la transcripción BPMSU
Convenciones de la despripción
080 #0 - NÚMERO DE CLASIFICACIÓN DECIMAL UNIVERSAL
Universal Decimal Classification number
100 1# - ASIENTO PRINCIPAL -- NOMBRE PERSONAL
Nombre personal Armijo, Consuelo
Fechas asociadas con el nombre 1940-
245 13 - MENCIÓN DE TITULO
Título El Pampinoplas
Medio (Designación general de material)
Mención de responsabilidad Consuelo Armijo
250 ## - MENCIÓN DE EDICION
Mención de edición 20ª ed.
260 ## - PUBLICACIÓN, DISTRIBUCIÓN, ETC. (PIE DE IMPRENTA)
Lugar de publicación, distribución, etc Madrid:
Nombre del editor, distribuidor, etc. SM,
Fecha de publicación, distribución, etc 1992
300 ## - DESCRIPCIÓN FÍSICA
Extensión 93 p. :
Otros detalles físicos il. ;
Dimensiones 20 cm
440 #3 - MENCIÓN DE SERIE/ENTRADA SECUNDARIA--TÍTULO
Título El barco de vapor.
Nombre de la parte o sección de una obra Serie azul
Número de volumen/designación secuencial 1
490 ## - MENCIÓN DE SERIES
Mención de serie El barco de vapor.
-- Serie azul
Volume/sequential designation 1
500 ## - NOTA GENERAL
Nota general Para niños a partir de 7 años
586 ## - AWARDS NOTE
Awards note "Premio Lazarillo 1974"
700 1# - ASIENTO SECUNDARIO -- NOMBRE PERSONAL
Nombre personal Tello, Antonio
Fechas asociadas con el nombre 1951-
830 ## - ASIENTO SECUNDARIO DE SERIE--TÍTULO UNIFORME
Título uniforme El barco de vapor.
Nombre de la parte o sección de una obra Serie azul
Volume number/sequential designation 1
942 ## - ADDED ENTRY ELEMENTS (KOHA)
Source of classification or shelving scheme Dewey Decimal Classification
Koha item type Libros
945 ## - INFORMACIÓN DE PROCESAMIENTO LOCAL
Información de procesamiento local Inventariado, 2018 / BT
956 ## - LOCAL ELECTRONIC LOCATION AND ACCESS (OCLC)
Nombre de host VMATEO
Método de acceso 10
Materiales especificados 20160407
Enlace BPMSU
Campo enlazado y núm. de secuencia 0069
Existencias
Withdrawn status Lost status Source of classification or shelving scheme Damaged status Not for loan Collection code Home library Current library Date acquired Source of acquisition Total Checkouts Barcode Date last seen Price effective from Koha item type Copy number
    Dewey Decimal Classification     Colección Infantil General Biblioteca Pública Metropolitana Salomé Ureña Biblioteca Pública Metropolitana Salomé Ureña 04/07/2016 FUNDI   BPMSU16040206 04/07/2016 04/07/2016 Libros  
    Dewey Decimal Classification     Colección Infantil General Biblioteca Pública Metropolitana Salomé Ureña Biblioteca Pública Metropolitana Salomé Ureña 12/01/2016 Agencia de Cooperación Internacional del Japón   BPMSU16120001 12/01/2016 12/01/2016 Libros e. 2